Practical cryptography (Record no. 90232)
[ view plain ]
| 000 -LEADER | |
|---|---|
| fixed length control field | 00191 a2200073 4500 |
| 005 - DATE AND TIME OF LATEST TRANSACTION | |
| control field | 20180720111057.0 |
| 008 - FIXED-LENGTH DATA ELEMENTS--GENERAL INFORMATION | |
| fixed length control field | 180720b ||||| |||| 00| 0 eng d |
| 020 ## - INTERNATIONAL STANDARD BOOK NUMBER | |
| International Standard Book Number | 9781482228908 |
| 100 ## - MAIN ENTRY--PERSONAL NAME | |
| Personal name | Azad, Saiful |
| 245 ## - TITLE STATEMENT | |
| Title | Practical cryptography |
| Remainder of title | algorithms and implementations using C++ |
| 260 ## - PUBLICATION, DISTRIBUTION, ETC. (IMPRINT) | |
| Name of publisher, distributor, etc | Auerbach Publications |
| Place of publication, distribution, etc | New York |
| Date of publication, distribution, etc | 2014 |
| 653 ## - INDEX TERM--UNCONTROLLED | |
| Uncontrolled term | Computer science, mathematics and statistics |
| 700 ## - ADDED ENTRY--PERSONAL NAME | |
| Personal name | Pathan, Al-Sakib Khan |
| 856 ## - ELECTRONIC LOCATION AND ACCESS | |
| Uniform Resource Identifier | https://www.taylorfrancis.com/books/9781482228908 |
| 942 ## - ADDED ENTRY ELEMENTS (KOHA) | |
| item type | E-books |
| Lost status | Source of classification or shelving scheme | Not for loan | Home library | Current library | Date acquired | Total Checkouts | Barcode | Date last seen | Price effective from | Koha item type |
|---|---|---|---|---|---|---|---|---|---|---|
| Universal Decimal Classification | University Library | University Library | 20/07/2018 | EB001026 | 20/07/2018 | 20/07/2018 | E-books |
